日本の高等専門学校 - Statistics

General Stats
  • This quiz has been taken 46 times
    35 since last reset
  • The average score is 25 of 58
Answer Stats
高専名 % Correct
仙台高等専門学校
69%
熊本高等専門学校
62%
木更津工業高等専門学校
59%
函館工業高等専門学校
55%
秋田工業高等専門学校
55%
福島工業高等専門学校
55%
富山高等専門学校
55%
佐世保工業高等専門学校
55%
鹿児島工業高等専門学校
55%
苫小牧工業高等専門学校
52%
八戸工業高等専門学校
52%
長岡工業高等専門学校
52%
沖縄工業高等専門学校
52%
釧路工業高等専門学校
48%
旭川工業高等専門学校
48%
高知工業高等専門学校
48%
久留米工業高等専門学校
48%
大分工業高等専門学校
48%
一関工業高等専門学校
45%
サレジオ工業高等専門学校
45%
長野工業高等専門学校
45%
岐阜工業高等専門学校
45%
鈴鹿工業高等専門学校
45%
舞鶴工業高等専門学校
45%
奈良工業高等専門学校
45%
米子工業高等専門学校
45%
鶴岡工業高等専門学校
41%
小山工業高等専門学校
41%
東京工業高等専門学校
41%
福井工業高等専門学校
41%
豊田工業高等専門学校
41%
明石工業高等専門学校
41%
和歌山工業高等専門学校
41%
宇部工業高等専門学校
41%
香川高等専門学校
41%
弓削商船高等専門学校
41%
北九州工業高等専門学校
41%
都城工業高等専門学校
41%
茨城工業高等専門学校
38%
石川工業高等専門学校
38%
鳥羽商船高等専門学校
38%
松江工業高等専門学校
38%
呉工業高等専門学校
38%
阿南工業高等専門学校
38%
群馬工業高等専門学校
34%
沼津工業高等専門学校
34%
津山工業高等専門学校
34%
新居浜工業高等専門学校
34%
近畿大学工業高等専門学校
31%
大島商船高等専門学校
31%
有明工業高等専門学校
31%
国際高等専門学校
28%
大阪公立大学工業高等専門学校
28%
神戸市立工業高等専門学校
28%
広島商船高等専門学校
28%
徳山工業高等専門学校
28%
東京都立産業技術高等専門学校
17%
神山まるごと高等専門学校
17%
No matching quizzes found
Score Distribution
Percent of People with Each Score
Percentile by Number Answered
Your Score History
You have not taken this quiz since the last reset